|
|
|
|
| LEADER |
00000nab a2200000 a 4500 |
| 001 |
vtls009008033 |
| 003 |
SK-MaSNL |
| 005 |
20260303065506.0 |
| 008 |
070718c20070523xo dr n 000 00slo |
| 015 |
|
|
|a SNBRB2007/07SVKPO
|
| 038 |
|
|
|a SVKPOCL
|
| 040 |
|
|
|a SVKPOCL
|b slo
|c AACR2
|e AACR2
|
| 041 |
|
|
|a slo
|
| 044 |
|
|
|a xo
|c SK
|
| 080 |
|
|
|a 656.1
|2 2001
|
| 080 |
|
|
|a 351.81
|2 2001
|
| 100 |
1 |
|
|a Grejták, Milan
|4 aut
|9 434980
|
| 245 |
1 |
0 |
|a Pokuty od detí
|b včera sa na sídlisku Sekčov rozdávali jablká a citróny
|c [autor] (mig)
|
| 300 |
|
|
|a Fotogr.
|
| 611 |
2 |
7 |
|a Jablko roka
|n (7. :
|d 2007 :
|c Nitra, Slovensko)
|2 snkbucl
|9 1065615
|
| 650 |
0 |
7 |
|a cestná premávka
|2 svkpocl
|9 31852
|
| 650 |
0 |
7 |
|a bezpečnosť cestnej premávky
|2 svkpocl
|9 69807
|
| 651 |
|
7 |
|a Prešov (Slovensko)
|2 svkpocl
|9 17347
|
| 773 |
0 |
|
|t Prešovský večerník
|g Roč. XVIII, č. 4204 (23.5.2007), s.
|x 1336-4030
|
| 852 |
|
|
|a SVKPO
|b KIS3GCP
|
| 856 |
4 |
1 |
|u www.vecernik.po.sk
|
| 958 |
|
|
|a RG
|
| 999 |
|
|
|c 1751397
|d 1753327
|